| 000 | 00495nam a2200145Ia 4500 | ||
|---|---|---|---|
| 008 | 151213s9999 xx 000 0 und d | ||
| 100 | _aআব্দুল লতিফ। | ||
| 245 |
_aভাষার গান দেশের গান। _cআব্দুল লতিফ। |
||
| 260 |
_aঢাকা _bবাংলা একাডেমী॥ _c1985 |
||
| 300 | _a8416 p. | ||
| 650 | _aBangla | ||
| 650 | _aBengali Literature | ||
| 700 | _aআব্দুল লতিফ। | ||
| 999 |
_c4254 _d4254 |
||